• 首页
  • 本馆介绍
  • 公告通知
  • 最新文献
  • 馆藏检索
  • 电子资源
  • 读者导购
  • 参考咨询
  • 我的图书馆
  • 登录
  • 详细信息显示
  • 放入我的书架
  • 预约/预借图书
  • 作者相关作品
  • 分类相关作品
  • 丛书相关作品
  • 出版社相关作品

书目信息

  • 表格格式
  • 工作单格式
  • 卡片格式
题名:
辛亥革命资料目录
    
 
作者: 南京图书馆 编
分册:  
出版信息: 南京   江苏省哲学社会科学联合会  1981
页数: 105页
开本: 20cm
丛书名:
单 册:
中图分类: K257.06
科图分类:
主题词: 中国--历史--1840~1949
电子资源:
ISBN:
000 00598nam0 2200193 450
001 0630456780
005 20060726082955.95
100    @a20060726d1981 km y0chiy0120 ea
101 0  @achi
102    @aCN@b320000
200 1  @a辛亥革命资料目录@Axin hai ge ming zi liao mu lu@f南京图书馆编@Fnan jing tu shu guan bian
210    @a南京@c江苏省哲学社会科学联合会@d1981
215    @a105页@d20cm
300    @a纪念辛亥革命七十周年
606 0  @a中国@x历史@z1840~1949
690    @aK257.06@v3
701  0 @a南京图书馆@Anan jing tu shu guan@4编
801  0 @aCN@bPFT@c20060726
905    @a10447@dK257.06@e37
    
    辛亥革命资料目录/南京图书馆编.-南京:江苏省哲学社会科学联合会,1981
    105页;20cm
    纪念辛亥革命七十周年
    
    ISBN :
    
●
相关链接 在E读中查询图书 在五车中查询图书 在当当中查询图书 在豆瓣中查询图书


正题名:辛亥革命资料目录     索取号:K257.06/37         预约/预借

序号 登录号 条形码 馆藏地/架位号 状态 备注
1 0436308   204363081   密集书库/ [索取号:K257.06/37] 在馆    
唐山师范学院图书馆 欢迎您!
大连网信软件有限公司© 版权所有